[Event "ch-FRA Blitz Online Qual"]
[Site "Europe-Chess INT"]
[Date "2020.05.16"]
[Round "4"]
[White "Brunet-Moret, Leopold"]
[Black "Djidjeli, Sarah"]
[Result "0-1"]
[WhiteElo "1109"]
[BlackElo "2074"]
[WhiteFideId "551078201"]
[BlackFideId "36067474"]
[EventDate "2020.05.16"]

1. d4 Nf6 2. Bg5 e6 3. e4 h6 4. Bxf6 Qxf6 5. e5 Qd8 6. Nf3 d6 7. Be2 Be7 8. O-O
O-O 9. Qd3 Nc6 10. c3 dxe5 11. Nxe5 Nxe5 12. dxe5 Qxd3 13. Bxd3 Rd8 14. Rd1 b6
15. Na3 Bb7 16. Nb5 c6 17. Nd4 c5 18. Nc2 Rd5 19. f4 Rad8 20. Be2 Rd2 21. Rxd2
Rxd2 22. Bd1 Rxg2+ 23. Kf1 Rxh2 24. Na3 Bh4 25. Kg1 Rg2+ 26. Kf1 Rxb2 27. Nc4
Rf2+ 28. Kg1 Rg2+ 29. Kf1 Rh2 30. Nd6 Bd5 31. c4 Bc6 32. Kg1 Rh1# 0-1

[Event "ch-FRA Blitz Online Qual"]
[Site "Europe-Chess INT"]
[Date "2020.05.16"]
[Round "4"]
[White "Schweitzer, Adrien"]
[Black "Sylvestre-Baron, Laurent"]
[Result "1-0"]
[WhiteElo "2086"]
[BlackElo "1728"]
[WhiteFideId "628220"]
[BlackFideId "20698585"]
[EventDate "2020.05.16"]

1. d4 Nf6 2. c4 g6 3. Nc3 d5 4. h4 dxc4 5. e4 c5 6. d5 Bg7 7. Bxc4 a6 8. a4 O-O
9. Nge2 e6 10. Bg5 h6 11. Be3 exd5 12. exd5 b6 13. Qd2 Nbd7 14. Bxh6 Ne5 15.
Bxg7 Nxc4 16. Qh6 Nh7 17. Bxf8 Nxf8 18. h5 Nxb2 19. hxg6 Nxg6 20. O-O 1-0

[Event "ch-FRA Blitz Online Qual"]
[Site "Europe-Chess INT"]
[Date "2020.05.16"]
[Round "4"]
[White "Linnemer, Laurent"]
[Black "Courjal, Pauline"]
[Result "0-1"]
[WhiteElo "2163"]
[BlackElo "1848"]
[WhiteFideId "651095"]
[BlackFideId "45147841"]
[EventDate "2020.05.16"]

1. e4 e6 2. Nf3 d5 3. e5 c5 4. b4 cxb4 5. d4 Nc6 6. a3 Qa5 7. Bd2 Bd7 8. Bd3 Rc8
9. O-O Qb6 10. axb4 Bxb4 11. c3 Be7 12. Qe2 Qb2 13. Na3 Qb6 14. Rfb1 Qc7 15. Nb5
Qd8 16. Nxa7 Nxa7 17. Rxa7 Bc6 18. g3 Qd7 19. Rba1 Bd8 20. Ng5 Bxg5 21. Bxg5 h6
22. Bc1 Ne7 23. Qg4 Bb5 24. Bb1 Rxc3 25. Ba3 Qc7 26. Ra8+ Nc8 27. Ba2 Rxa3 28.
Qxg7 Rf8 29. Qxh6 Rxa8 30. Rc1 Qa5 31. Bb1 Qa3 32. Bh7 Qb2 33. Qe3 Ra1 34. Rxa1
Qxa1+ 35. Kg2 Bf1+ 36. Kf3 Qd1+ 37. Kf4 Rh8 38. Be4 Ne7 39. Bf3 Ng6+ 40. Kg5 Qb1 0-1

[Event "ch-FRA Blitz Online Qual"]
[Site "Europe-Chess INT"]
[Date "2020.05.16"]
[Round "4"]
[White "Van Hoolandt, Patrick"]
[Black "Garde, Guillaume"]
[Result "1-0"]
[WhiteTitle "FM"]
[WhiteElo "2063"]
[BlackElo "1716"]
[WhiteFideId "200999"]
[BlackFideId "45138273"]
[EventDate "2020.05.16"]

1. d4 d5 2. c4 dxc4 3. e4 e5 4. Nf3 exd4 5. Nxd4 Bc5 6. Be3 Nf6 7. Nc3 O-O 8.
Bxc4 Ng4 9. O-O Nxe3 10. fxe3 Qe7 11. Nd5 Qxe4 12. Nxc7 Qxe3+ 13. Kh1 Qxd4 14.
Qxd4 Bxd4 15. Nxa8 Be5 16. Rae1 Bd6 17. Rd1 Be5 18. Rxf7 Nc6 19. Rf6+ 1-0

[Event "ch-FRA Blitz Online Qual"]
[Site "Europe-Chess INT"]
[Date "2020.05.16"]
[Round "4"]
[White "Lapitski, Yaroslav"]
[Black "Profili, Emilio"]
[Result "1-0"]
[WhiteElo "1765"]
[BlackElo "2053"]
[WhiteFideId "13519468"]
[BlackFideId "45160805"]
[EventDate "2020.05.16"]

1. Nf3 Nf6 2. c4 c5 3. Nc3 b6 4. d4 cxd4 5. Nxd4 Bb7 6. Qc2 g6 7. e4 d6 8. Be3
Bg7 9. g3 Ng4 10. Qd2 Nxe3 11. Qxe3 O-O 12. Bg2 Nd7 13. O-O Ne5 14. b3 Ng4 15.
Qd2 Rc8 16. h3 Ne5 17. f4 Nd7 18. Rac1 a6 19. Nd5 Nc5 20. Rfd1 e6 21. Nc3 Qe7
22. Nde2 Rfd8 23. Nd4 Ba8 24. Qe3 Rd7 25. Nde2 Rdc7 26. Rd2 Rd7 27. Rcd1 Rcd8
28. Na4 Nxa4 29. bxa4 Rb7 30. Rb1 Qc7 31. e5 Rbb8 32. exd6 Rxd6 33. Rxd6 Qxd6
34. Bxa8 Rxa8 35. Rxb6 Qd7 36. c5 Qxa4 37. c6 Rc8 38. Qd3 Bf8 39. Qd7 Bc5+ 40.
Kh2 Rf8 41. Rb3 Qxa2 42. Qd3 Rc8 43. c7 Bf8 44. Rb8 Rxc7 45. Rxf8+ Kxf8 46. Qd8+
Kg7 47. Qxc7 Qxe2+ 48. Kg1 Qe1+ 49. Kg2 a5 50. Qb6 Qe4+ 51. Kg1 a4 52. Qb2+ Kh6
53. Qf6 Qe3+ 54. Kg2 a3 55. g4 Qe2+ 56. Kg3 Qe1+ 57. Kg2 Qd2+ 58. Kg3 Qd3+ 59.
Kg2 Qc2+ 60. Kg3 Qb3+ 61. Kh4 Qf3 62. g5# 1-0

[Event "ch-FRA Blitz Online Qual"]
[Site "Europe-Chess INT"]
[Date "2020.05.16"]
[Round "4"]
[White "Viennois, Romain"]
[Black "Farthouat, Titoine"]
[Result "1-0"]
[WhiteElo "1981"]
[BlackElo "1652"]
[WhiteFideId "634204"]
[BlackFideId "36015660"]
[EventDate "2020.05.16"]

1. e4 c5 2. c3 Nf6 3. e5 Nd5 4. Nf3 Nc6 5. Bc4 Nb6 6. Bb3 c4 7. Bc2 d6 8. exd6
Qxd6 9. O-O e6 10. Na3 a6 11. Qe2 Be7 12. Nxc4 Nxc4 13. Qxc4 O-O 14. d4 b5 15.
Qd3 g6 16. Bh6 Re8 17. Rad1 Bf8 18. Qd2 Bg7 19. Bxg7 Kxg7 20. h4 h5 21. Ng5 e5
22. d5 Na5 23. b3 Bb7 24. c4 Qa3 25. Qd3 bxc4 26. bxc4 Qxd3 27. Bxd3 Rac8 28.
Rc1 Rc7 29. Ne4 f5 30. Nd2 Rec8 31. Nb3 Nxc4 32. Rfe1 e4 33. Bxc4 Rxc4 34. Rxc4
Rxc4 35. Rd1 Rc8 36. Kf1 Rd8 37. d6 Kf6 38. Ke2 Ke5 39. Nc5 Bd5 40. Nxa6 Rxd6
41. Nb4 Bc4+ 42. Ke1 Rxd1+ 43. Kxd1 Bf1 44. g3 Bc4 45. Kd2 Kd4 46. Nc2+ Ke5 47.
a3 f4 48. Nb4 Kf5 49. a4 Kg4 50. gxf4 Kxf4 51. a5 Kf3 52. Ke1 Kg4 53. Kd2 Kxh4
54. Ke3 Kg4 55. a6 Bxa6 56. Nxa6 h4 57. Nc5 h3 58. Nxe4 h2 59. Ng3 Kh3 60. Kf3
g5 61. Ke2 g4 62. Kf1 h1=Q+ 63. Nxh1 Kh2 64. Ng3 Kh3 65. Kg1 Kh4 66. Kg2 Kg5 67.
Ne2 Kf5 68. Kg3 Kg5 69. Nd4 Kh5 70. Nc2 Kg5 71. Ne3 Kh5 72. Nxg4 Kg5 73. f4+ Kf5
74. Ne3+ Kf6 75. Kg4 Kg6 76. Nd5 Kf7 77. Kg5 Ke6 78. Ne3 Kf7 79. f5 Kg7 80. Nc4
Kf7 81. Ne5+ Kg7 82. f6+ Kf8 83. Kg6 Kg8 84. Ng4 Kf8 85. f7 Ke7 86. Kg7 Ke6 87.
f8=Q 1-0

[Event "ch-FRA Blitz Online Qual"]
[Site "Europe-Chess INT"]
[Date "2020.05.16"]
[Round "4"]
[White "Muller, Patrick"]
[Black "Maccagnan, Tomas"]
[Result "0-1"]
[WhiteElo "1582"]
[BlackElo "1968"]
[WhiteFideId "20669216"]
[BlackFideId "26091763"]
[EventDate "2020.05.16"]

1. e4 e6 2. Nf3 d5 3. exd5 exd5 4. d4 Nf6 5. Bf4 Bg4 6. Be2 Bd6 7. Bxd6 Qxd6 8.
O-O Nbd7 9. Nbd2 Ne4 10. c3 f5 11. h3 Bxf3 12. Nxf3 O-O 13. Bd3 Rae8 14. Qc2
Ndf6 15. Ne5 Nd7 16. Nxd7 Qxd7 17. Rfe1 g6 18. f3 Ng3 19. Kf2 Qd6 20. Qd2 Nh5
21. g3 Qxg3+ 22. Kf1 Qxf3+ 23. Kg1 Qg3+ 0-1

[Event "ch-FRA Blitz Online Qual"]
[Site "Europe-Chess INT"]
[Date "2020.05.16"]
[Round "4"]
[White "Zienkiewicz, Jan"]
[Black "Gratton, Manolo"]
[Result "1-0"]
[WhiteElo "1914"]
[BlackElo "1573"]
[WhiteFideId "45116768"]
[BlackFideId "551089157"]
[EventDate "2020.05.16"]

1. e4 c6 2. d4 d5 3. exd5 cxd5 4. Bd3 Nf6 5. c3 Bg4 6. Qb3 Qc8 7. Bf4 e6 8. Nd2
Nc6 9. Ngf3 Be7 10. O-O O-O 11. Rae1 h6 12. Ne5 Bd6 13. Nxc6 Qxc6 14. Be5 Bxe5
15. Rxe5 a6 16. Re3 b5 17. Rg3 Bf5 18. a3 Bxd3 19. Rxd3 Rac8 20. Rg3 Qd6 21. Re1
Qf4 22. Rge3 Ng4 23. Nf3 Nxe3 24. Rxe3 Rc6 25. Ne5 Rc7 26. Qd1 Qg5 27. Rg3 Qf6
28. Qg4 Kh7 29. h3 Rg8 30. Rf3 Qg5 31. Qxg5 hxg5 32. Nxf7 Kg6 33. Ne5+ Kh6 34.
Kh2 g6 35. Nf7+ Kg7 36. Nxg5 Re7 37. Re3 Rge8 38. Nf3 Kf6 39. Ne5 Rc7 40. Rf3+
Kg7 41. Rg3 Rf8 42. Rxg6+ Kh7 43. f3 Re7 44. Rg4 Rg8 45. Rh4+ Kg7 46. g4 Kf6 47.
Kg3 Reg7 48. Rh6+ Ke7 49. h4 Rf8 50. Ng6+ Rxg6 51. Rxg6 Kd6 52. h5 Rg8 53. Rxg8 1-0

[Event "ch-FRA Blitz Online Qual"]
[Site "Europe-Chess INT"]
[Date "2020.05.16"]
[Round "4"]
[White "Ninin, Gabriel"]
[Black "Zniber, Reda"]
[Result "0-1"]
[WhiteElo "1426"]
[BlackElo "1986"]
[WhiteFideId "45169756"]
[BlackFideId "36054224"]
[EventDate "2020.05.16"]

1. e4 e6 2. d3 d5 3. Nd2 Nf6 4. Ngf3 c5 5. g3 g6 6. Bg2 Bg7 7. O-O O-O 8. Re1
Nc6 9. e5 Nd7 10. Nf1 Ndxe5 11. Nxe5 Nxe5 12. Bf4 Nc6 13. Qd2 Bxb2 14. Rab1 Bg7
15. Bh6 b6 16. h4 Bd7 17. Nh2 f5 18. Nf3 Qf6 19. Bg5 Qf7 20. Bh6 Rae8 21. c4 d4
22. Bf4 e5 23. Bh6 Kh8 24. Qe2 Bxh6 25. Nxe5 Nxe5 26. Bd5 Qf6 27. a4 Bg7 28. a5
Nxc4 29. Qxe8 Rxe8 30. Rxe8+ Bxe8 31. Bxc4 h6 32. axb6 axb6 33. Re1 Bf7 34. Bxf7
Qxf7 35. Rb1 Qe6 36. Kf1 g5 37. h5 f4 38. Ra1 f3 39. Ra8+ Kh7 40. Ra7 Qe2+ 41.
Kg1 Qe1+ 42. Kh2 Qf1 43. Rxg7+ Kxg7 44. g4 Qg2# 0-1

[Event "ch-FRA Blitz Online Qual"]
[Site "Europe-Chess INT"]
[Date "2020.05.16"]
[Round "4"]
[White "Barbaggi, Sasha"]
[Black "Blanchard, Samuel"]
[Result "0-1"]
[WhiteElo "1375"]
[BlackElo "1921"]
[WhiteFideId "551018780"]
[BlackFideId "36023990"]
[EventDate "2020.05.16"]

1. e4 e6 2. d4 d5 3. exd5 exd5 4. Nc3 c6 5. g3 Bd6 6. Bg2 Bf5 7. Nge2 Nf6 8. O-O
O-O 9. Bg5 Nbd7 10. Qd2 Re8 11. Rab1 Bg6 12. h3 a5 13. Bf4 Qc7 14. Bxd6 Qxd6 15.
Qf4 Qxf4 16. Nxf4 Bxc2 17. Rbc1 Bg6 18. Nxg6 hxg6 19. Rce1 Kf8 20. Rxe8+ Rxe8
21. Na4 b5 22. Nc5 Nxc5 23. dxc5 Re2 24. Rb1 Rc2 25. Bf1 Rxc5 26. Kg2 Rc2 27.
Kf3 Ne4 28. Bd3 Rxf2+ 29. Ke3 Rh2 30. Bf1 Nxg3 31. Rc1 Nf5+ 32. Kf3 Rxb2 33.
Rxc6 Rxa2 34. Rc8+ Ke7 35. Bxb5 Nd4+ 36. Ke3 Nxb5 37. Rc5 d4+ 38. Kd3 Ra3+ 39.
Kc4 Nd6+ 40. Kxd4 Rxh3 41. Rxa5 Rh4+ 42. Kd5 Rh5+ 43. Kc6 Rxa5 44. Kb6 Rb5+ 45.
Ka6 Rb1 46. Ka5 Kd7 47. Ka4 Kc6 48. Ka5 Rb2 49. Ka4 Kc5 50. Ka3 Rb8 51. Ka4 Ne4
52. Ka3 Kc4 53. Ka2 Kc3 54. Ka1 Kc2 55. Ka2 Ra8# 0-1

[Event "ch-FRA Blitz Online Qual"]
[Site "Europe-Chess INT"]
[Date "2020.05.16"]
[Round "4"]
[White "Cocogne, Ludovic"]
[Black "Ghazaryan, Gurgen"]
[Result "0-1"]
[WhiteElo "1924"]
[BlackElo "1403"]
[WhiteFideId "644536"]
[BlackFideId "45137609"]
[EventDate "2020.05.16"]

1. e4 c5 2. Nf3 d6 3. d4 cxd4 4. Nxd4 Nf6 5. Nc3 g6 6. Be3 Bg7 7. f3 O-O 8. Qd2
Nc6 9. O-O-O Bd7 10. g4 Rc8 11. h4 a6 12. h5 b5 13. hxg6 fxg6 14. Bh6 Nxd4 15.
Bxg7 Nb3+ 16. axb3 Kxg7 17. g5 Nh5 18. Be2 Qa5 19. Kb1 b4 20. Nd5 e6 21. Qxb4
Qxb4 22. Nxb4 Ng3 23. Rh2 Nxe2 24. Rxe2 Rxf3 25. Rxd6 Bb5 26. Red2 Rc5 27. Rd8
Rxg5 28. c4 Rxb3 29. cxb5 Rxb4 30. bxa6 Ra4 31. R8d7+ Kh6 32. a7 Rga5 33. Rh2+
Kg5 34. Rhxh7 Rxe4 35. Rd8 Rea4 36. Rd6 e5 37. Re6 Rxa7 38. Rxa7 Rxa7 39. Rxe5+
Kf4 40. Re8 g5 41. Rg8 g4 42. b4 Ra4 43. Rf8+ Ke3 44. Re8+ Kf2 45. Rf8+ Kg1 46.
Rf4 g3 47. Kc2 g2 48. Kb3 Ra8 49. b5 Kh2 50. Rh4+ Kg3 51. Rh8 Rxh8 52. b6 g1=Q
53. b7 Qb6+ 54. Kc4 Qxb7 0-1

[Event "ch-FRA Blitz Online Qual"]
[Site "Europe-Chess INT"]
[Date "2020.05.16"]
[Round "4"]
[White "Weisman, Nathan"]
[Black "Kosciusko-Morizet, Antoine"]
[Result "1-0"]
[WhiteElo "2186"]
[BlackElo "1293"]
[WhiteFideId "36060895"]
[BlackFideId "45166749"]
[EventDate "2020.05.16"]

1. e4 e5 2. Nf3 Nc6 3. d4 exd4 4. Nxd4 Bc5 5. Nb3 Bb6 6. Nc3 d6 7. Qe2 Nf6 8.
Be3 O-O 9. O-O-O Re8 10. f3 Bxe3+ 11. Qxe3 a5 12. Nd4 Ne5 13. f4 Neg4 14. Qf3
Nh6 15. h3 a4 16. a3 c5 17. Ndb5 Ra6 18. e5 Nd7 19. Nxd6 Re6 20. Bxa6 bxa6 21.
Nxc8 Qxc8 22. g4 Kh8 23. Rhe1 Ng8 24. Qd5 Nb6 25. Qd8 Qxd8 26. Rxd8 Nc4 27. Red1
h6 28. Ra8 Kh7 29. Rdd8 Ne7 30. f5 Rxe5 31. Rh8# 1-0

[Event "ch-FRA Blitz Online Qual"]
[Site "Europe-Chess INT"]
[Date "2020.05.16"]
[Round "4"]
[White "Meillon, Judicael"]
[Black "Nomel, Mathis"]
[Result "1-0"]
[WhiteElo "2063"]
[BlackElo "1262"]
[WhiteFideId "36044288"]
[BlackFideId "36054399"]
[EventDate "2020.05.16"]

1. d4 Nf6 2. c4 e6 3. Nc3 d5 4. Nf3 c5 5. Bg5 cxd4 6. Nxd4 Nc6 7. Nxc6 bxc6 8.
cxd5 cxd5 9. e3 Bd7 10. Bd3 Be7 11. O-O O-O 12. Rc1 h6 13. Bh4 Re8 14. Ne2 Qb6
15. b3 Bb5 16. Bxb5 Qxb5 17. Qd2 Ne4 18. Nc3 Nxd2 19. Nxb5 Nxf1 20. Bxe7 Rxe7
21. Kxf1 a6 22. Nd4 Rd7 23. Ke2 e5 24. Nc6 f6 25. Kd2 Kf7 26. Na5 Rb8 27. Rc6 d4
28. Rxa6 dxe3+ 29. Kxe3 Rbd8 30. Nc4 Rd3+ 31. Ke2 R3d4 32. f3 e4 33. fxe4 Rxe4+
34. Kf3 f5 35. Nd6+ Rxd6 36. Rxd6 Ke7 37. Rd2 g5 38. Re2 g4+ 39. Kf2 Rxe2+ 40.
Kxe2 Kd6 41. Kd3 Kd5 42. g3 h5 43. Ke3 Ke5 44. a4 1-0

[Event "ch-FRA Blitz Online Qual"]
[Site "Europe-Chess INT"]
[Date "2020.05.16"]
[Round "4"]
[White "Joly, Charlotte"]
[Black "Mallevaey, Guillaume"]
[Result "0-1"]
[WhiteElo "1454"]
[BlackElo "1823"]
[WhiteFideId "36022292"]
[BlackFideId "26026120"]
[EventDate "2020.05.16"]

1. d4 d5 2. Bf4 Nf6 3. e3 c5 4. c3 Nc6 5. Nf3 Qb6 6. Qb3 c4 7. Qxb6 axb6 8. Nbd2
b5 9. a3 b4 10. Be2 e6 11. O-O b3 12. Rfe1 Be7 13. Ne5 Nxe5 14. Bxe5 O-O 15. Bf3
Nd7 16. Bg3 Nb6 17. e4 Na4 18. Rab1 Bxa3 19. bxa3 Nxc3 20. Rbc1 Na2 21. Rb1 Rxa3
22. exd5 exd5 23. Bxd5 Bf5 24. Rb2 c3 25. Rxb3 cxd2 26. Rd1 Rxb3 27. Bxb3 Re8
28. f3 Nb4 29. h3 Re2 30. Bc4 Bd3 31. Bxd3 Nxd3 32. Kf1 Re8 33. Rxd2 Nb4 34. Rb2
Nc6 35. Rxb7 Nxd4 36. Rb8 Rxb8 37. Bxb8 f6 38. Kf2 Kf7 39. Ke3 Nf5+ 40. Kf2 Ke6
41. g4 Ne7 42. Bg3 g6 43. Bb8 Nd5 44. Bg3 h5 45. Ke2 f5 46. gxh5 gxh5 47. Kf2
Nc3 48. Bf4 Nd5 49. Kg3 Kf6 50. Bd2 Kg6 51. h4 Ne7 52. Kf4 Kf6 53. Bc3+ Kg6 54.
Ke5 Nc6+ 55. Ke6 Na7 56. Bd2 Nb5 57. Bg5 Nd4+ 58. Ke5 Nxf3+ 59. Kf4 Nxg5 60.
hxg5 h4 61. Kf3 Kxg5 62. Kg2 Kg4 63. Kf2 f4 64. Kg2 h3+ 65. Kh2 f3 66. Kg1 Kg3
67. Kh1 Kf2 68. Kh2 Ke1 69. Kxh3 f2 70. Kg4 f1=Q 71. Kg5 Ke2 72. Kg6 Qf4 73. Kg7
Ke3 74. Kg8 Qc7 75. Kf8 Kf4 76. Ke8 Kf5 77. Kf8 Kf6 78. Kg8 Qg7# 0-1

[Event "ch-FRA Blitz Online Qual"]
[Site "Europe-Chess INT"]
[Date "2020.05.16"]
[Round "4"]
[White "Gratton, Alexandre"]
[Black "Boumrar, Ayrad"]
[Result "0-1"]
[WhiteElo "1792"]
[BlackElo "1431"]
[WhiteFideId "551063689"]
[BlackFideId "45182310"]
[EventDate "2020.05.16"]

1. c4 Nf6 2. Nf3 e6 3. d4 Be7 4. Nc3 d5 5. Bg5 O-O 6. e3 h6 7. Bh4 Ne4 8. Bxe7
Qxe7 9. Qc2 c6 10. Nxe4 dxe4 11. Nd2 f5 12. Be2 Nd7 13. O-O b6 14. Rac1 Bb7 15.
c5 b5 16. g3 Nf6 17. Rfd1 Nd5 18. Nf1 Kh8 19. a4 a6 20. Nd2 g5 21. Nb1 b4 22.
Nd2 a5 23. Nc4 Rg8 24. Ne5 b3 25. Qxb3 f4 26. Bh5 f3 27. Ng6+ Rxg6 28. Bxg6 Qf6
29. Qxb7 Qxg6 30. Qxa8+ Kg7 31. Qb7+ Kf6 32. Kf1 Qh5 33. h4 gxh4 34. gxh4 Qg4
35. Ke1 Qg1+ 36. Kd2 Qxf2# 0-1

[Event "ch-FRA Blitz Online Qual"]
[Site "Europe-Chess INT"]
[Date "2020.05.16"]
[Round "4"]
[White "Ngomane, Max"]
[Black "Ratsavong, Moukda"]
[Result "1-0"]
[WhiteElo "1278"]
[BlackElo "1789"]
[WhiteFideId "651049791"]
[BlackFideId "632872"]
[EventDate "2020.05.16"]

1. d4 d5 2. c4 e6 3. Nc3 c6 4. Nf3 dxc4 5. e3 b5 6. a4 Bb4 7. axb5 cxb5 8. Be2
a6 9. O-O Bb7 10. Ne5 Nf6 11. Bf3 Nd5 12. Bxd5 Bxd5 13. Nxd5 exd5 14. Qf3 O-O
15. Qg4 Bd6 16. e4 Bxe5 17. dxe5 d4 18. Bh6 g6 19. Bxf8 Kxf8 20. e6 Qc8 21. e7+
Kxe7 22. Qxc8 1-0

[Event "ch-FRA Blitz Online Qual"]
[Site "Europe-Chess INT"]
[Date "2020.05.16"]
[Round "4"]
[White "Hsu, Victor"]
[Black "Roque, Gaetan"]
[Result "0-1"]
[WhiteElo "1476"]
[BlackElo "2128"]
[WhiteFideId "551034107"]
[BlackFideId "20666934"]
[EventDate "2020.05.16"]

1. d4 d5 2. Nf3 Nf6 3. Bf4 e6 4. e3 c5 5. c4 Nc6 6. Nc3 a6 7. dxc5 Bxc5 8. cxd5
exd5 9. Rc1 O-O 10. Nxd5 Qa5+ 11. Nc3 Bf5 12. a3 Rfd8 13. Qb3 Nd5 14. Bc4 Nxf4
15. Bxf7+ Kh8 16. exf4 Bd3 17. Bc4 Bxf2+ 18. Kxf2 Qc5+ 19. Ke1 Bxc4 20. Qb4 Qe3+
21. Ne2 Qxe2# 0-1

[Event "ch-FRA Blitz Online Qual"]
[Site "Europe-Chess INT"]
[Date "2020.05.16"]
[Round "4"]
[White "Mezouaghi, Miloud"]
[Black "Grulier, Ernest"]
[Result "0-1"]
[WhiteElo "1999"]
[BlackElo "1469"]
[WhiteFideId "612634"]
[BlackFideId "551048060"]
[EventDate "2020.05.16"]

1. e4 c5 2. c3 d5 3. exd5 Qxd5 4. d4 Nc6 5. dxc5 Qxc5 6. Be3 Qd6 7. Qxd6 exd6 8.
Nd2 Nf6 9. O-O-O Be6 10. Kb1 O-O-O 11. Ngf3 d5 12. Ng5 Bf5+ 13. Ka1 Bg6 14. f3
d4 15. cxd4 Nxd4 16. Bxd4 Rxd4 17. Bc4 Bb4 18. Bxf7 Rxd2 19. Bxg6 hxg6 20. Rc1+
Kb8 21. a3 Bd6 22. Nf7 Rf8 23. Nxd6 Rxd6 24. h4 Rd2 25. Rhg1 Re8 26. g4 Ree2 27.
Rb1 Nd5 28. Rgd1 Ne3 29. Rxd2 Rxd2 30. Re1 Nc2+ 31. Kb1 Nxe1 0-1

[Event "ch-FRA Blitz Online Qual"]
[Site "Europe-Chess INT"]
[Date "2020.05.16"]
[Round "4"]
[White "Martin, Nils"]
[Black "Gautier, Nathan"]
[Result "0-1"]
[WhiteElo "1639"]
[BlackElo "2064"]
[WhiteFideId "45160473"]
[BlackFideId "26093030"]
[EventDate "2020.05.16"]

1. e4 c5 2. Nf3 e6 3. g3 Nc6 4. Bg2 d6 5. O-O Nf6 6. d3 Be7 7. Nbd2 O-O 8. c3
Rb8 9. d4 Qc7 10. Nb3 Nxe4 11. Re1 Nf6 12. dxc5 Rd8 13. cxd6 Rxd6 14. Qc2 Nb4
15. Qe2 Nd3 16. Rd1 Nxc1 17. Raxc1 Rxd1+ 18. Rxd1 Bd7 19. Qe5 Qxe5 20. Nxe5 Ba4
21. Rd4 Bxb3 22. axb3 Kf8 23. Nd7+ Nxd7 24. Rxd7 Ke8 25. Rxb7 Rxb7 26. Bxb7 Kd7
27. Kg2 Kd6 28. Kf3 a5 29. Ke4 f5+ 30. Kd3 Kc5 31. f4 g5 32. Bc8 Kd5 33. c4+ Kd6
34. Kd4 Bf6+ 35. Kd3 gxf4 36. gxf4 Bxb2 37. h3 Ba3 38. Ke3 h6 39. Kf3 Bc1 40.
Kg3 Bd2 41. Kf3 e5 42. Bxf5 exf4 43. Bc2 Kc5 44. Ke2 Bc1 45. Bd1 Kb4 46. Bc2 Kc3
47. Bd1 Be3 48. Ke1 Kd3 49. Be2+ Ke4 50. Kf1 f3 51. Bd1 Kf4 52. Bc2 h5 53. Bb1
Bc5 54. Bd3 Ke3 55. Bc2 Kd2 56. Bg6 h4 57. Bh5 f2 58. Be2 Kc2 59. Kg2 Kxb3 60.
Kf3 a4 61. Kg4 a3 62. Bd1+ Kb2 63. Kxh4 f1=Q 64. Bg4 a2 65. Kg5 Be7+ 66. Kh5 Qf6
67. h4 Qxh4+ 68. Kg6 Qf6+ 69. Kh7 Bf8 70. c5 Qg7# 0-1

[Event "ch-FRA Blitz Online Qual"]
[Site "Europe-Chess INT"]
[Date "2020.05.16"]
[Round "4"]
[White "Bag, Ayoub"]
[Black "Ritzenthaler, Stephane"]
[Result "1-0"]
[WhiteElo "1467"]
[BlackElo "1988"]
[WhiteFideId "551012308"]
[BlackFideId "638080"]
[EventDate "2020.05.16"]

1. e4 c5 2. d3 Nc6 3. Nc3 e5 4. Nge2 g6 5. g3 Bg7 6. Bg2 d6 7. O-O h6 8. f4 Nge7
9. fxe5 dxe5 10. Be3 b6 11. Qd2 Be6 12. Rf2 Nd4 13. Raf1 Nec6 14. a3 Qd7 15. Nd5
Nxe2+ 16. Qxe2 O-O 17. Qd2 h5 18. Nf6+ Bxf6 19. Rxf6 Nd4 20. Bh6 Rfe8 21. R1f2
c4 22. Qg5 Kh7 23. Bh3 Re7 24. dxc4 Bxc4 25. Bxd7 Rxd7 26. b3 Be6 27. Qc1 Rad8
28. Bd2 Rc7 29. Qb1 Rxc2 30. Be3 Rdc8 31. Rxc2 Nxc2 32. Bf2 Nd4 33. Bxd4 exd4
34. Qd3 Rc1+ 35. Kg2 Rc3 36. Qxd4 Rxb3 37. Rf3 Rb5 38. Rc3 Ra5 39. Qd8 Re5 40.
Qd4 Rb5 41. Rf3 Rb2+ 42. Rf2 Rb5 43. h3 Ra5 44. g4 hxg4 45. hxg4 Rxa3 46. g5 b5
47. Rf1 Ra2+ 48. Kg3 Ra3+ 49. Kf4 Rh3 50. Qd8 a5 51. Rb1 Rh4+ 52. Ke3 Rh3+ 53.
Kd4 b4 54. Rf1 b3 55. Ke5 a4 56. Kf6 Rc3 57. Qf8 Rf3+ 58. Rxf3 b2 59. Qg7# 1-0

[Event "ch-FRA Blitz Online Qual"]
[Site "Europe-Chess INT"]
[Date "2020.05.16"]
[Round "4"]
[White "Labrande, Theodore"]
[Black "Barrera, Armando"]
[Result "1-0"]
[WhiteElo "2077"]
[BlackElo "1486"]
[WhiteFideId "36045780"]
[BlackFideId "551036657"]
[EventDate "2020.05.16"]

1. e4 c5 2. Nf3 Nc6 3. d4 cxd4 4. Nxd4 e5 5. Nb5 d6 6. c4 a6 7. N5c3 Be7 8. Nd5
Nf6 9. Nbc3 O-O 10. Bd3 Be6 11. O-O Bxd5 12. cxd5 Nd4 13. Be3 Rc8 14. Rc1 b5 15.
Bb1 Qa5 16. Bxd4 exd4 17. Qxd4 Nd7 18. b4 Qd8 19. Ne2 Bf6 20. Qe3 Ne5 21. Rxc8
Qxc8 22. Rc1 Qd7 23. Ng3 Nc4 24. Qe2 Bg5 25. Rd1 Re8 26. Qh5 h6 27. h4 Bf4 28.
Nf5 Qd8 29. Qg4 g5 30. Nxh6+ Kh7 31. Nf5 Nd2 32. Qh5+ Kg8 33. Qh6 Qf6 34. Qxf6 1-0

[Event "ch-FRA Blitz Online Qual"]
[Site "Europe-Chess INT"]
[Date "2020.05.16"]
[Round "4"]
[White "Grosse, Ludovic"]
[Black "Drieu, Hugo"]
[Result "1-0"]
[WhiteElo "1958"]
[BlackElo "1425"]
[WhiteFideId "26045842"]
[BlackFideId "45170738"]
[EventDate "2020.05.16"]

1. d4 Nf6 2. Nf3 g6 3. Bf4 Bg7 4. Nbd2 O-O 5. e4 d6 6. Bc4 Nbd7 7. O-O c5 8. c3
a6 9. a4 Rb8 10. a5 Re8 11. Bxf7+ Kxf7 12. Ng5+ Kg8 13. Ne6 Nh5 14. Be3 cxd4 15.
cxd4 Bxd4 16. Bxd4 1-0

[Event "ch-FRA Blitz Online Qual"]
[Site "Europe-Chess INT"]
[Date "2020.05.16"]
[Round "4"]
[White "Sureau, Corentin"]
[Black "Boulos, Carlos"]
[Result "0-1"]
[WhiteElo "1686"]
[BlackElo "2147"]
[WhiteFideId "36067687"]
[BlackFideId "5302749"]
[EventDate "2020.05.16"]

1. e4 e5 2. Nf3 Nc6 3. Bc4 Bc5 4. c3 Nf6 5. d4 exd4 6. e5 d5 7. Bb5 Ne4 8. cxd4
Bb6 9. Nc3 O-O 10. Bxc6 bxc6 11. O-O Bg4 12. h3 Bh5 13. Na4 f6 14. Nxb6 axb6 15.
exf6 Qxf6 16. g4 Qxf3 17. Qxf3 Rxf3 18. Kg2 Raf8 19. gxh5 Rxf2+ 20. Rxf2 Rxf2+
21. Kg1 Rf5 22. h6 gxh6 23. Bxh6 c5 24. Rc1 Kf7 25. a4 c4 26. b3 c3 27. Rf1 Ng3
28. Rxf5+ Nxf5 29. Bc1 Nxd4 30. b4 Ne2+ 31. Kf2 Nd4 32. a5 bxa5 33. bxa5 Nc6 34.
a6 d4 35. Ke2 Ke6 36. Kd3 Kd5 37. Bf4 Nb4+ 38. Ke2 Nxa6 39. Kd3 Nb4+ 40. Ke2 d3+
41. Kd1 c5 42. Bc7 Kc4 43. Kc1 Na2+ 44. Kd1 c2+ 45. Ke1 c1=Q+ 46. Kf2 Qd2+ 47.
Kg3 Nc3 48. Bf4 Ne4+ 49. Kg4 Qg2+ 50. Kf5 d2 51. Bxd2 Nxd2 52. h4 Qf3+ 53. Kg5
Ne4+ 54. Kh6 Qf4+ 55. Kh5 Qf5+ 56. Kh6 Kd5 57. h5 Qg5+ 58. Kxh7 Nf6+ 59. Kh8
Qg8# 0-1